Country Flags.. but the Colors are Random! - Statistics

General Stats
  • This quiz has been taken 19 times
  • The average score is 15 of 16
Answer Stats
Picture Answer % Correct
Algeria
100%
Chile
100%
Cuba
100%
Jamaica
100%
Antigua and Barbuda
94%
Democratic Republic of the Congo
94%
Liberia
94%
Panama
94%
Botswana
89%
Kiribati
89%
Namibia
89%
Nauru
89%
Rwanda
89%
Vanuatu
83%
Myanmar
78%
Suriname
78%
No matching quizzes found
Score Distribution
Percent of People with Each Score
Percentile by Number Answered
Your Score History
You have not taken this quiz